[Event "Budapest Vezerkepzo IM Christmas"]
[Site "Budapest"]
[Date "2024.01.03"]
[Round "9"]
[White "Chubakov, Sultan"]
[Black "Mohammad, Nubairshah Shaikh"]
[Result "0-1"]
[WhiteElo "2073"]
[BlackElo "2434"]
[PlyCount "126"]
[EventDate "2023.12.26"]
[EventType "tourn"]
[EventRounds "9"]
[EventCountry "HUN"]
[SourceTitle "CB02_2024"]
[SourceDate "2024.01.10"]
[SourceVersion "1"]
[SourceVersionDate "2024.01.10"]
[SourceQuality "1"]

1. c4 c5 2. g3 Nf6 3. Bg2 g6 4. Nc3 Bg7 5. a3 Nc6 6. Rb1 a5 7. d3 d6 8. Nh3 h5 9. Nf4 h4 10. Nfd5 Nxd5 11. Nxd5 h3 12. Bf3 Nd4 13. Bg5 f6 14. Bd2 Bd7 15. e3 Nxf3+ 16. Qxf3 Kf7 17. e4 a4 18. b4 axb3 19. Rxb3 Bc6 20. Bc3 Rb8 21. 0-0 e6 22. Nf4 Qe7 23. Rfb1 f5 24. Bxg7 Kxg7 25. Qe2 g5 26. Nh5+ Kh6 27. g4 Qf7 28. exf5 exf5 29. Ng3 Rbe8 30. Qd1 fxg4 31. Qxg4 Kg6 32. Ne4 Re5 33. f3 d5 34. cxd5 Qxd5 35. Qg3 Rh4 36. Rxb7 Bxb7 37. Rb6+ Bc6 38. Rxc6+ Qxc6 39. Qxe5 Rh5 40. Ng3 Rh7 41. Qf5+ Kg7 42. Qxg5+ Kf8 43. Kf2 Qd6 44. Qf5+ Rf7 45. Qc8+ Kg7 46. Qg4+ Qg6 47. Qxh3 Qxd3 48. Qg4+ Qg6 49. Ke2 Qxg4 50. fxg4 Rd7 51. Nf5+ Kf6 52. Ne3 Ke5 53. h3 Kf4 54. Nc2 c4 55. Nb4 Ke4 56. g5 c3 57. g6 Rd2+ 58. Ke1 Rg2 59. Kd1 Rxg6 60. Kc2 Kd4 61. Kb3 Rb6 62. Kc2 Kc4 63. Nd3 Re6 0-1

[Event "Budapest Vezerkepzo IM Christmas"]
[Site "Budapest"]
[Date "2023.12.30"]
[Round "5"]
[White "Chubakov, Sultan"]
[Black "Borhy, Marcell Boldizsar"]
[Result "1/2-1/2"]
[WhiteElo "2073"]
[BlackElo "2377"]
[PlyCount "71"]
[EventDate "2023.12.26"]
[EventType "tourn"]
[EventRounds "9"]
[EventCountry "HUN"]
[SourceTitle "CB02_2024"]
[SourceDate "2024.01.10"]
[SourceVersion "1"]
[SourceVersionDate "2024.01.10"]
[SourceQuality "1"]

1. c4 Nf6 2. g3 c6 3. Bg2 d5 4. Nf3 dxc4 5. Qc2 b5 6. a4 Bb7 7. 0-0 e6 8. Rd1 Na6 9. b3 Nb4 10. Qb2 cxb3 11. Qxb3 a5 12. Na3 bxa4 13. Qxa4 Nd7 14. d4 Nb6 15. Qb3 Be7 16. Ne5 0-0 17. Bd2 N6d5 18. Nac4 Qc7 19. Bxd5 cxd5 20. Nxa5 Rxa5 21. Rxa5 Qxa5 22. Rb1 f6 23. Bxb4 Qxb4 24. Qxb4 Bxb4 25. Rxb4 fxe5 26. Rxb7 exd4 27. Rb4 e5 28. f4 exf4 29. Rxd4 fxg3 30. hxg3 Re8 31. Rxd5 Rxe2 32. Rd7 h6 33. Ra7 Kh7 34. Ra6 h5 35. Rb6 g6 36. Rb7+ 1/2-1/2

[Event "Belgrade Trophy 36th"]
[Site "Belgrade"]
[Date "2023.11.30"]
[Round "6"]
[White "Chubakov, Sultan"]
[Black "Besedes, Danilo"]
[Result "0-1"]
[WhiteElo "2079"]
[BlackElo "2277"]
[PlyCount "88"]
[EventDate "2023.11.25"]
[EventType "swiss"]
[EventRounds "9"]
[EventCountry "SRB"]
[SourceTitle "CB49_2023"]
[SourceDate "2023.12.06"]
[SourceVersion "1"]
[SourceVersionDate "2023.12.06"]
[SourceQuality "1"]

1. d4 d5 2. Nf3 c6 3. g3 Nf6 4. Bg2 Bg4 5. 0-0 e6 6. b3 Nbd7 7. Bb2 Bd6 8. c4 0-0 9. Nbd2 a5 10. a3 Qe7 11. Ne5 Bh5 12. h3 Bc7 13. Bf3 Bxf3 14. exf3 Nxe5 15. dxe5 Nd7 16. f4 a4 17. b4 Rfd8 18. Qc2 dxc4 19. Nxc4 b5 20. Ne3 c5 21. Rfd1 Rac8 22. Bc3 Bb6 23. Qe2 c4 24. Ng4 Nb8 25. Rd6 Bc7 26. Rdd1 Rxd1+ 27. Rxd1 Rd8 28. Ne3 Nc6 29. Rd2 Bb6 30. Nc2 h6 31. Qd1 Rxd2 32. Qxd2 Qc7 33. Kf1 Qb7 34. f5 exf5 35. Qd5 f4 36. gxf4 Qc8 37. Kg2 Ne7 38. Qxb5 Qb7+ 39. f3 Ng6 40. Nd4 Nxf4+ 41. Kg3 Ne2+ 42. Kh2 Nxc3 43. Qxc4 Bxd4 44. Qxd4 Qxf3 0-1

[Event "Budapest FS10 IM"]
[Site "Budapest"]
[Date "2023.10.07"]
[Round "1"]
[White "Bashirov, Kemal"]
[Black "Chubakov, Sultan"]
[Result "1-0"]
[WhiteElo "2384"]
[BlackElo "2069"]
[PlyCount "169"]
[EventDate "2023.10.07"]
[EventType "tourn"]
[EventRounds "9"]
[EventCountry "HUN"]
[EventCategory "2"]
[SourceTitle "Mega2024 Update 01"]
[Source "Chessbase"]
[SourceDate "2023.11.12"]
[SourceVersion "1"]
[SourceVersionDate "2023.11.12"]
[SourceQuality "1"]

1. d4 d5 2. c4 c6 3. cxd5 cxd5 4. Nc3 Nf6 5. Bf4 Nc6 6. e3 a6 7. Bd3 Bg4 8. Nge2 e6 9. 0-0 Bd6 10. Bg5 0-0 11. f3 Bh5 12. Nf4 Bg6 13. Nxg6 hxg6 14. a3 Qc7 15. f4 Rfc8 16. Rc1 b5 17. Bxf6 gxf6 18. b4 Qb6 19. f5 exf5 20. Nxd5 Qd8 21. Bxf5 gxf5 22. Rxf5 Ne7 23. Nxf6+ Kf8 24. Rxc8 Rxc8 25. Rf1 Ng6 26. Qf3 Qe7 27. Qh3 Qb7 28. Nd7+ Ke8 29. Nf6+ Kf8 30. Qf5 Qxg2+ 31. Kxg2 Nh4+ 32. Kh3 Nxf5 33. Rxf5 Rc3 34. Nd5 Rxa3 35. Rf6 Be7 36. Rb6 Bg5 37. Rb8+ Kg7 38. Re8 a5 39. bxa5 b4 40. Nxb4 Rxa5 41. Kg4 Bf6 42. h4 Rb5 43. Nc6 Rb1 44. Ne7 Rg1+ 45. Kh5 Bxe7 46. Rxe7 Kf6 47. Re4 Rg8 48. Rf4+ Ke6 49. Rg4 Rb8 50. Re4+ Kf5 51. Rf4+ Ke6 52. Kg4 f5+ 53. Kf3 Rh8 54. Ke2 Rh5 55. Kd3 Rh8 56. Ke2 Rh5 57. Kf3 Kd5 58. Kg3 Kc4 59. Kf2 Kd5 60. Ke1 Kc4 61. Kd2 Kd5 62. Kc3 Ke6 63. Kd3 Kd6 64. e4 fxe4+ 65. Kxe4 Ke6 66. Kf3 Rh8 67. Kg4 Rg8+ 68. Kh5 Kd5 69. Kh6 Ke6 70. Kh7 Rg1 71. h5 Kd5 72. h6 Kc4 73. Rf7 Kxd4 74. Rg7 Rh1 75. Kg6 Ke5 76. h7 Ke6 77. Rg8 Rg1+ 78. Kh6 Rh1+ 79. Kg7 Rg1+ 80. Kf8 Rf1+ 81. Ke8 Ra1 82. Rg6+ Kf5 83. Rf6+ Ke5 84. Rh6 Ra8+ 85. Kf7 1-0

[Event "Belgrade Serbia op"]
[Site "Belgrade"]
[Date "2023.07.20"]
[Round "5"]
[White "Uskov, Artem"]
[Black "Chubakov, Sultan"]
[Result "1-0"]
[WhiteElo "2371"]
[BlackElo "2205"]
[PlyCount "85"]
[EventDate "2023.07.16"]
[EventType "swiss"]
[EventRounds "9"]
[EventCountry "SRB"]
[SourceTitle "CBM 215 Extra"]
[Source "ChessBase"]
[SourceDate "2023.09.30"]
[SourceVersion "1"]
[SourceVersionDate "2023.09.30"]
[SourceQuality "1"]

1. e4 e5 2. Nf3 Nf6 3. Nxe5 d6 4. Nf3 Nxe4 5. d4 d5 6. Bd3 Bd6 7. 0-0 0-0 8. c4 c6 9. Nc3 Nxc3 10. bxc3 Bg4 11. c5 Bc7 12. h3 Bh5 13. Re1 Nd7 14. Bg5 Qc8 15. Bf5 Bg6 16. Nh4 Bd8 17. Qg4 Bxf5 18. Nxf5 Nf6 19. Qf3 Ne4 20. Bh6 Ng5 21. Bxg5 Bxg5 22. Re7 b6 23. Nd6 Qd8 24. Rxf7 Be7 25. Rxf8+ Qxf8 26. Qg4 Qf6 27. Qd7 Rf8 28. Qxc6 Qxf2+ 29. Kh1 bxc5 30. Qxd5+ Kh8 31. dxc5 Bh4 32. Qd4 Qb2 33. Rd1 Bf6 34. Qd5 h6 35. c6 Qxc3 36. Rf1 Qc2 37. Qe6 Qd3 38. Rf3 Qd1+ 39. Kh2 Qd4 40. Nf7+ Rxf7 41. Qxf7 Qe5+ 42. Rg3 Qc5 43. c7 1-0

[Event "Budapest SixDays 05 GM-B"]
[Site "Budapest"]
[Date "2023.05.31"]
[Round "7"]
[White "Chubakov, Sultan"]
[Black "Pribelszky, Bence"]
[Result "0-1"]
[WhiteElo "2235"]
[BlackElo "2377"]
[PlyCount "78"]
[EventDate "2023.05.27"]
[EventType "tourn"]
[EventRounds "9"]
[EventCountry "HUN"]
[EventCategory "6"]
[SourceTitle "CBM 214 Extra"]
[Source "ChessBase"]
[SourceDate "2023.07.31"]
[SourceVersion "1"]
[SourceVersionDate "2023.07.31"]
[SourceQuality "1"]

1. d4 b6 2. c4 Bb7 3. Nf3 Nf6 4. g3 g6 5. Nc3 Ne4 6. d5 Nxc3 7. Qd4 Rg8 8. Qxc3 Bg7 9. Qc2 c6 10. e4 cxd5 11. exd5 Na6 12. Bg5 Rc8 13. Qe2 b5 14. Bh3 h6 15. Be3 bxc4 16. 0-0 Nb4 17. d6 e6 18. Nd4 Qa5 19. Rad1 Nd3 20. f3 Qxa2 21. Rd2 Qa6 22. b3 Bd5 23. Rfd1 Nb4 24. bxc4 Bxc4 25. Qg2 f5 26. Nc2 Nd5 27. Qf2 Qxd6 28. Bf1 Bb3 29. Bxa7 Kf7 30. Kh1 Rc7 31. Rb1 Bxc2 32. Rxc2 Rgc8 33. Rd2 Rc1 34. Rd1 Rxd1 35. Rxd1 Qa3 36. h4 Rc7 37. Bd4 Bxd4 38. Rxd4 Rc1 39. Kh2 Rxf1 0-1

[Event "Budapest SixDays 05 GM-B"]
[Site "Budapest"]
[Date "2023.05.28"]
[Round "3"]
[White "Woodward, Andy"]
[Black "Chubakov, Sultan"]
[Result "1-0"]
[WhiteElo "2436"]
[BlackElo "2235"]
[PlyCount "87"]
[EventDate "2023.05.27"]
[EventType "tourn"]
[EventRounds "9"]
[EventCountry "HUN"]
[EventCategory "6"]
[SourceTitle "CBM 214 Extra"]
[Source "ChessBase"]
[SourceDate "2023.07.31"]
[SourceVersion "1"]
[SourceVersionDate "2023.07.31"]
[SourceQuality "1"]

1. d4 d5 2. c4 c6 3. Nf3 Nf6 4. Nc3 dxc4 5. a4 Bf5 6. Ne5 Nbd7 7. Nxc4 Nb6 8. Ne5 a5 9. f3 Nfd7 10. Nxd7 Bxd7 11. e4 e6 12. Be3 Bb4 13. Be2 0-0 14. 0-0 Rc8 15. Bf2 c5 16. Na2 Bxa4 17. b3 Bd7 18. Nxb4 cxb4 19. d5 Na8 20. Kh1 b6 21. Ba6 Rb8 22. d6 e5 23. Qd3 Re8 24. Rfd1 Re6 25. Qd5 Qg5 26. Rac1 h5 27. h4 Qf6 28. Bb7 Qd8 29. Bc6 b5 30. Bxa8 Rxa8 31. Rc7 Ra6 32. Bc5 Rg6 33. Kg1 Be6 34. Qxe5 Qxh4 35. d7 Rxg2+ 36. Kxg2 Bh3+ 37. Kh1 Bg4+ 38. Kg1 Bxd7 39. Rcxd7 Rg6+ 40. Kf1 Rg5 41. Qb8+ Kh7 42. Bf2 Qh3+ 43. Ke2 Qe6 44. Rd8 1-0

[Event "Ayvalik Iris"]
[Site "Ayvalik"]
[Date "2023.05.12"]
[Round "9"]
[White "Chubakov, Sultan"]
[Black "Atis, Hasan"]
[Result "1-0"]
[WhiteElo "2235"]
[BlackElo "1890"]
[PlyCount "87"]
[EventDate "2023.05.07"]
[EventType "schev"]
[EventRounds "9"]
[EventCountry "TUR"]
[SourceTitle "CBM 214 Extra"]
[Source "ChessBase"]
[SourceDate "2023.07.31"]
[SourceVersion "1"]
[SourceVersionDate "2023.07.31"]
[SourceQuality "1"]
[WhiteTeam "Team C"]
[BlackTeam "Team B"]
[WhiteTeamCountry "TUR"]
[BlackTeamCountry "TUR"]

1. d4 d5 2. c4 c6 3. cxd5 cxd5 4. Nf3 Nf6 5. Nc3 Nc6 6. Bf4 a6 7. Ne5 Qb6 8. Nxc6 bxc6 9. Qd2 Nh5 10. Be3 Bf5 11. Rc1 e6 12. Na4 Qb5 13. Nc5 a5 14. f3 Nf6 15. Bf4 Qb4 16. a3 Qb6 17. g4 Bg6 18. h4 h5 19. g5 Nd7 20. Nxd7 Kxd7 21. e3 Ra7 22. Rc3 Rb7 23. Rh2 Be7 24. Bd3 Bxd3 25. Qxd3 c5 26. dxc5 Bxc5 27. Rhc2 Bd6 28. Rc6 Qxc6 29. Rxc6 Kxc6 30. Qc3+ Bc5 31. Qxg7 Rd8 32. g6 fxg6 33. Qxg6 Rxb2 34. Qxe6+ Kb5 35. Bc7 Rf8 36. Qxd5 Rf6 37. a4+ Kb4 38. Be5 Rb1+ 39. Ke2 Rb6 40. Bc3+ Kxa4 41. Qxc5 R6b5 42. Qc4+ Ka3 43. Bd4 R1b3 44. Kd2 1-0

[Event "Ayvalik Iris"]
[Site "Ayvalik"]
[Date "2023.05.10"]
[Round "6"]
[White "Akbas, Umut Ata"]
[Black "Chubakov, Sultan"]
[Result "1-0"]
[WhiteElo "2417"]
[BlackElo "2235"]
[PlyCount "97"]
[EventDate "2023.05.07"]
[EventType "schev"]
[EventRounds "9"]
[EventCountry "TUR"]
[SourceTitle "CBM 214 Extra"]
[Source "ChessBase"]
[SourceDate "2023.07.31"]
[SourceVersion "1"]
[SourceVersionDate "2023.07.31"]
[SourceQuality "1"]
[WhiteTeam "Team D"]
[BlackTeam "Team C"]
[WhiteTeamCountry "TUR"]
[BlackTeamCountry "TUR"]

1. d4 d5 2. c4 c6 3. Nf3 Nf6 4. Nc3 dxc4 5. a4 Bf5 6. Ne5 Nbd7 7. Nxc4 Nb6 8. Ne3 e6 9. Nxf5 exf5 10. g3 a5 11. Bg2 Be7 12. 0-0 0-0 13. Qb3 Re8 14. Rd1 Bb4 15. Bg5 h6 16. Bxf6 Qxf6 17. Na2 Qd6 18. e3 Qe6 19. d5 Nxd5 20. Bxd5 cxd5 21. Nxb4 axb4 22. Qxb4 Qd7 23. b3 Re4 24. Rd4 Qc6 25. Rad1 g6 26. Qd2 Rxd4 27. exd4 Re8 28. Re1 Kg7 29. Rxe8 Qxe8 30. Qe3 Qc6 31. Qe5+ Kg8 32. Kg2 h5 33. h4 Kf8 34. a5 Qb5 35. b4 Qd7 36. Qf6 Ke8 37. Kf3 Qb5 38. Qd6 Qd3+ 39. Kg2 Qe4+ 40. Kh2 Qxd4 41. Qb8+ Kd7 42. Qxb7+ Kd6 43. Kg1 f4 44. Qb8+ Kc6 45. b5+ Kd7 46. Qxf4 Qa1+ 47. Kg2 Qxa5 48. Qxf7+ Kc8 49. Qxd5 1-0

[Event "Ayvalik Iris"]
[Site "Ayvalik"]
[Date "2023.05.09"]
[Round "4"]
[White "Molenda, Marcin"]
[Black "Chubakov, Sultan"]
[Result "1-0"]
[WhiteElo "2406"]
[BlackElo "2235"]
[PlyCount "157"]
[EventDate "2023.05.07"]
[EventType "schev"]
[EventRounds "9"]
[EventCountry "TUR"]
[SourceTitle "CBM 214 Extra"]
[Source "ChessBase"]
[SourceDate "2023.07.31"]
[SourceVersion "1"]
[SourceVersionDate "2023.07.31"]
[SourceQuality "1"]
[WhiteTeam "Team B"]
[BlackTeam "Team C"]
[WhiteTeamCountry "TUR"]
[BlackTeamCountry "TUR"]

1. e4 c5 2. Nf3 e6 3. d4 cxd4 4. Nxd4 a6 5. Nc3 Qc7 6. Qf3 Nc6 7. Nxc6 dxc6 8. Qg3 Qxg3 9. hxg3 e5 10. Na4 Be6 11. Bc4 Bxc4 12. Nb6 Rd8 13. Nxc4 Rd4 14. Nd2 Rd8 15. Nf3 Bd6 16. Bg5 f6 17. Be3 Bc7 18. g4 Ne7 19. Ke2 Kf7 20. a4 Nc8 21. a5 h6 22. Nd2 Nd6 23. c3 Rd7 24. f3 Rb8 25. Rhd1 Rdd8 26. Ba7 Rbc8 27. Bc5 Rb8 28. Rdb1 Rd7 29. Ra4 Rbd8 30. Nb3 Nb5 31. Be3 Rb8 32. Rd1 Rxd1 33. Kxd1 Bd6 34. Bb6 Nc7 35. Bxc7 Bxc7 36. Nd2 Bd6 37. Ra1 Rd8 38. Ke2 Ke6 39. Rb1 Bc5 40. b4 Bd6 41. Nc4 Bc7 42. Rf1 Rd7 43. g3 Rf7 44. Nb2 Bd6 45. Nd3 Rc7 46. Rb1 Bf8 47. c4 Be7 48. Kd2 Bf8 49. b5 cxb5 50. cxb5 axb5 51. Rxb5 Bd6 52. f4 Rd7 53. Kc2 Rc7+ 54. Kb3 g5 55. f5+ Kd7 56. Rb6 Be7 57. Nb2 Kc8 58. Nc4 Rd7 59. Re6 Kd8 60. Nb6 Rd3+ 61. Kc2 Rd4 62. Nd5 Bb4 63. Nxf6 Bxa5 64. Rxe5 b6 65. Re8+ Kc7 66. e5 Rd2+ 67. Kb3 b5 68. Re7+ Kc6 69. Re6+ Kc7 70. Ra6 Rd3+ 71. Kc2 Rd2+ 72. Kc1 Bb4 73. Ng8 Rd3 74. e6 Rxg3 75. f6 Rxg4 76. e7 Rg1+ 77. Kc2 Bxe7 78. fxe7 Re1 79. Ra8 1-0

[Event "Belgrade Radnicki IM 03"]
[Site "Belgrade"]
[Date "2023.03.31"]
[Round "8"]
[White "Djokic, Nenad"]
[Black "Chubakov, Sultan"]
[Result "0-1"]
[WhiteElo "2246"]
[BlackElo "2190"]
[PlyCount "72"]
[EventDate "2023.03.24"]
[EventType "tourn"]
[EventRounds "9"]
[EventCountry "SRB"]
[SourceTitle "CBM 213 Extra"]
[Source "ChessBase"]
[SourceDate "2023.05.31"]
[SourceVersion "1"]
[SourceVersionDate "2023.05.31"]
[SourceQuality "1"]

1. d4 d5 2. c4 c6 3. Nf3 Nf6 4. Nc3 dxc4 5. a4 Bf5 6. Ne5 Nbd7 7. Nxc4 Nb6 8. Ne5 a5 9. f3 Nfd7 10. Nxd7 Nxd7 11. e4 Bg6 12. Be3 e5 13. dxe5 Bb4 14. e6 fxe6 15. Qb3 Bf7 16. Be2 Nc5 17. Qc2 Qh4+ 18. Bf2 Qe7 19. 0-0 e5 20. Na2 Bb3 21. Qc1 Bxa2 22. Rxa2 0-0-0 23. Qc4 Ne6 24. Rc1 Nf4 25. b3 Qg5 26. Bg3 Rd4 27. Bxf4 Qxf4 28. Qe6+ Kb8 29. Rac2 Rhd8 30. Bf1 Bd2 31. Rb1 Be3+ 32. Kh1 R4d6 33. Qf5 Rd1 34. Qxf4 exf4 35. Rcb2 Bc1 36. Rc2 Rxf1# 0-1

[Event "Nova Gorica op 27th"]
[Site "Nova Gorica"]
[Date "2023.03.19"]
[Round "5"]
[White "Bifulco, Michel"]
[Black "Chubakov, Sultan"]
[Result "1-0"]
[WhiteElo "2312"]
[BlackElo "2190"]
[PlyCount "93"]
[EventDate "2023.03.16"]
[EventType "swiss"]
[EventRounds "9"]
[EventCountry "SLO"]
[SourceTitle "CBM 213 Extra"]
[Source "ChessBase"]
[SourceDate "2023.05.31"]
[SourceVersion "1"]
[SourceVersionDate "2023.05.31"]
[SourceQuality "1"]

1. e4 c6 2. Nc3 d5 3. Nf3 dxe4 4. Nxe4 Nf6 5. Qe2 Nxe4 6. Qxe4 Qa5 7. b4 Qd5 8. Qe3 e6 9. a3 a5 10. c4 Qd8 11. bxa5 Nd7 12. Bb2 Qxa5 13. Be2 Nf6 14. 0-0 Be7 15. Ne5 0-0 16. Bd3 Rd8 17. Bc3 Qc7 18. Qh3 g6 19. Qf3 Rf8 20. Rfe1 Ne8 21. Qh3 Bf6 22. g4 Qe7 23. f4 c5 24. g5 Bxe5 25. Bxe5 h5 26. Be4 Nd6 27. Qd3 Nxe4 28. Qxe4 Qd7 29. Re3 Re8 30. Rd3 Qa4 31. Rd6 Ra6 32. Rd3 Rb6 33. Qe3 Qc2 34. Rc3 Qf5 35. Qxc5 Rb1+ 36. Rxb1 Qxb1+ 37. Kg2 Bd7 38. Qf2 Bc6+ 39. Kg3 Ra8 40. h3 Rd8 41. d4 Be4 42. Qe3 Ra8 43. Bf6 Ra6 44. d5 Rb6 45. Kh4 Bf5 46. Qc5 exd5 47. Qe7 1-0

[Event "Budapest FS02 IM"]
[Site "Budapest"]
[Date "2023.02.11"]
[Round "7"]
[White "Chubakov, Sultan"]
[Black "Matyassy, Lazar"]
[Result "1/2-1/2"]
[WhiteElo "2134"]
[BlackElo "2299"]
[PlyCount "62"]
[EventDate "2023.02.04"]
[EventType "tourn"]
[EventRounds "9"]
[EventCountry "HUN"]
[SourceTitle "CBM 212 Extra"]
[Source "ChessBase"]
[SourceDate "2023.03.31"]
[SourceVersion "1"]
[SourceVersionDate "2023.03.31"]
[SourceQuality "1"]

1. d4 Nf6 2. c4 e6 3. g3 d5 4. Nf3 Bb4+ 5. Bd2 Be7 6. Bg2 0-0 7. 0-0 Nbd7 8. Qc2 c6 9. Bf4 b6 10. Rc1 Bb7 11. cxd5 cxd5 12. Nc3 Rc8 13. Qb3 Ne8 14. a4 a6 15. Rc2 Nd6 16. Rac1 Nc4 17. Na2 Rc6 18. Qd3 h6 19. b3 Na5 20. Bd2 Rxc2 21. Rxc2 Bd6 22. e3 Qe7 23. Bf1 Nc6 24. Bg2 Nf6 25. Bc3 Ne4 26. Be1 Re8 27. Nd2 Nxd2 28. Bxd2 Qd7 29. h4 Ne7 30. Bb4 Bxb4 31. Nxb4 a5 1/2-1/2

[Event "Budapest FS02 IM"]
[Site "Budapest"]
[Date "2023.02.08"]
[Round "5"]
[White "Frank, Adam"]
[Black "Chubakov, Sultan"]
[Result "1-0"]
[WhiteElo "2332"]
[BlackElo "2134"]
[PlyCount "131"]
[EventDate "2023.02.04"]
[EventType "tourn"]
[EventRounds "9"]
[EventCountry "HUN"]
[SourceTitle "CBM 212 Extra"]
[Source "ChessBase"]
[SourceDate "2023.03.31"]
[SourceVersion "1"]
[SourceVersionDate "2023.03.31"]
[SourceQuality "1"]

1. e4 c6 2. d4 d5 3. Nd2 dxe4 4. Nxe4 Bf5 5. Ng3 Bg6 6. h4 h6 7. Nf3 Nd7 8. h5 Bh7 9. Bd3 Bxd3 10. Qxd3 e6 11. Bd2 Ngf6 12. 0-0-0 Be7 13. Ne4 Nxe4 14. Qxe4 Nf6 15. Qe2 Qd5 16. Kb1 0-0 17. Ne5 Qe4 18. Qxe4 Nxe4 19. Be3 f5 20. Ng6 Rfe8 21. f3 Nf6 22. Bf4 Nd5 23. Be5 Bg5 24. c4 Ne7 25. Nf4 Kf7 26. Nd3 Bf6 27. Kc2 Rad8 28. Nc5 Bxe5 29. dxe5 b6 30. Nb7 Rxd1 31. Rxd1 Nc8 32. Nd8+ Kf8 33. Nxc6 g6 34. Rd7 gxh5 35. Rh7 a6 36. Rxh6 Kg7 37. Rxh5 Ne7 38. Nxe7 Rxe7 39. Rh1 Kg6 40. f4 Rg7 41. g3 Kf7 42. Rh3 Ke7 43. b4 Kd7 44. b5 axb5 45. cxb5 Kd8 46. a4 Rc7+ 47. Kb3 Rd7 48. Rh8+ Kc7 49. Kc4 Rg7 50. Rh3 Kb7 51. Kb4 Rd7 52. a5 bxa5+ 53. Kxa5 Rg7 54. b6 Rd7 55. Rh6 Rd5+ 56. Kb4 Rd3 57. Rxe6 Rxg3 58. Rf6 Rf3 59. Rxf5 Kxb6 60. Rf6+ Kc7 61. Kc4 Rf1 62. Kd5 Kd7 63. Rf7+ Ke8 64. Ke6 Ra1 65. Rb7 Ra6+ 66. Kf5 1-0

[Event "Balikesir Papatya Gp"]
[Site "Balikesir"]
[Date "2022.12.11"]
[Round "6.2"]
[White "Chubakov, Sultan"]
[Black "Schekachikhin, Maksim"]
[Result "0-1"]
[WhiteElo "1975"]
[BlackElo "2358"]
[PlyCount "122"]
[EventDate "2022.12.08"]
[EventType "team-schev"]
[EventRounds "9"]
[EventCountry "TUR"]
[SourceTitle "CBM 212 Extra"]
[Source "ChessBase"]
[SourceDate "2023.03.31"]
[SourceVersion "1"]
[SourceVersionDate "2023.03.31"]
[SourceQuality "1"]
[WhiteTeam "Team B"]
[BlackTeam "Team A"]
[WhiteTeamCountry "TUR"]
[BlackTeamCountry "BUL"]

1. d4 Nf6 2. c4 e6 3. g3 d5 4. Bg2 Bb4+ 5. Bd2 Be7 6. Nf3 Nbd7 7. 0-0 0-0 8. Qc2 c6 9. Bf4 Nh5 10. Bc1 Nhf6 11. Nbd2 b6 12. e4 Ba6 13. Re1 Rc8 14. e5 Ne8 15. cxd5 cxd5 16. Qa4 Nb8 17. Bf1 Bxf1 18. Nxf1 Qd7 19. Qd1 Nc6 20. a3 b5 21. Qd3 b4 22. Ng5 Bxg5 23. Bxg5 Qb7 24. Rec1 Nc7 25. axb4 Nb5 26. Be3 Nxb4 27. Qb3 Nc6 28. Rc5 Rb8 29. Qd3 Rfc8 30. Ra4 a5 31. Bd2 Qb6 32. Bc3 h6 33. Nd2 Rc7 34. Qf1 Nxc3 35. bxc3 Qb2 36. Qd1 Rcc8 37. Nf3 Rb5 38. Rxb5 Qxb5 39. Kg2 Rb8 40. Qc2 Qb3 41. Ra2 a4 42. Ne1 a3 43. Nd3 Qxc2 44. Rxc2 Rb3 45. Nb4 Nxb4 46. cxb4 Rxb4 47. Rc8+ Kh7 48. Ra8 Rb3 49. g4 Kg6 50. f3 Rb2+ 51. Kg3 a2 52. h4 h5 53. Kf4 hxg4 54. fxg4 Rf2+ 55. Ke3 Rh2 56. Kf4 Rxh4 57. Rxa2 Rh1 58. Ra4 Rf1+ 59. Kg3 Kg5 60. Ra7 Rf4 61. Kh3 Rf3+ 0-1

[Event "Balikesir Papatya Gp"]
[Site "Balikesir"]
[Date "2022.12.10"]
[Round "4.2"]
[White "Chubakov, Sultan"]
[Black "Ozdemir, Serhan Berat"]
[Result "1-0"]
[WhiteElo "1975"]
[BlackElo "2142"]
[PlyCount "65"]
[EventDate "2022.12.08"]
[EventType "team-schev"]
[EventRounds "9"]
[EventCountry "TUR"]
[SourceTitle "CBM 212 Extra"]
[Source "ChessBase"]
[SourceDate "2023.03.31"]
[SourceVersion "1"]
[SourceVersionDate "2023.03.31"]
[SourceQuality "1"]
[WhiteTeam "Team B"]
[BlackTeam "Team C"]
[WhiteTeamCountry "TUR"]
[BlackTeamCountry "TUR"]

1. d4 Nf6 2. c4 c5 3. d5 b5 4. cxb5 a6 5. bxa6 Bxa6 6. Nc3 g6 7. e4 Bxf1 8. Kxf1 d6 9. Nf3 Bg7 10. g3 0-0 11. Kg2 Nbd7 12. Qc2 Qb6 13. a4 Rfb8 14. Nb5 Ne8 15. h4 h5 16. Bg5 Kf8 17. Ra3 Nc7 18. Nxc7 Qxc7 19. Rb1 Qb7 20. Bd2 Kg8 21. b4 cxb4 22. Rxb4 Qa6 23. Rxb8+ Rxb8 24. Qc6 Qxc6 25. dxc6 Nc5 26. c7 Rc8 27. Ba5 e6 28. e5 dxe5 29. Rc3 Nb7 30. Rb3 Nd6 31. Rd3 Bf8 32. Nxe5 Ra8 33. Nc6 1-0

[Event "Balikesir Papatya Gp"]
[Site "Balikesir"]
[Date "2022.12.09"]
[Round "3.2"]
[White "Chubakov, Sultan"]
[Black "Kuru, Atilla"]
[Result "1/2-1/2"]
[WhiteElo "1975"]
[BlackElo "1939"]
[PlyCount "61"]
[EventDate "2022.12.08"]
[EventType "team-schev"]
[EventRounds "9"]
[EventCountry "TUR"]
[SourceTitle "CBM 212 Extra"]
[Source "ChessBase"]
[SourceDate "2023.03.31"]
[SourceVersion "1"]
[SourceVersionDate "2023.03.31"]
[SourceQuality "1"]
[WhiteTeam "Team B"]
[BlackTeam "Team C"]
[WhiteTeamCountry "TUR"]
[BlackTeamCountry "TUR"]

1. d4 Nf6 2. c4 e6 3. Nf3 d5 4. g3 Bb4+ 5. Bd2 Be7 6. Bg2 0-0 7. 0-0 c6 8. Qc2 Nbd7 9. Bf4 b6 10. cxd5 cxd5 11. Rc1 Bb7 12. Bc7 Qe8 13. Qb3 Ne4 14. Nc3 Rc8 15. Nxe4 dxe4 16. Nd2 Nf6 17. Be5 Bd5 18. Qd1 Rxc1 19. Rxc1 e3 20. fxe3 Ng4 21. Bxd5 exd5 22. Nf3 Nxe3 23. Qd3 Nc4 24. b3 Nxe5 25. dxe5 Bc5+ 26. Kg2 Qe6 27. Rd1 Rd8 28. Ng5 Qh6 29. Qf5 Qg6 30. g4 Be7 31. Nf3 1/2-1/2